| 000 | 00961cam a2200253 a 4500 | ||
|---|---|---|---|
| 001 | 78807 | ||
| 003 | BD-RjUL | ||
| 005 | 20211209083157.0 | ||
| 008 | 211116s1912 ii d 000 0 per d | ||
| 035 | _a(BD-RjUL)79034 | ||
| 040 |
_aLGG _beng _cLGG _dOCLCQ _dOCLCO _dOCLCF _dOCLCO _dOCLCQ _dDLC |
||
| 041 | 0 |
_aper _aara |
|
| 082 |
_223 _a491.553927 _bMAM 1912 |
||
| 100 | 0 |
_aAbdul Majeed, Waheed Muhammad ;;' عبد المجيد, وحيد محمد _9250121 |
|
| 245 | 1 | 0 |
_aمنتخب اللغات.;; Muntakhab al-lughāt. _cوحيد محمد عبد المجيد ;; wahid muhamad abd almajid |
| 260 |
_aHind : _bDar al matbah majidi , _c1912 |
||
| 300 |
_a512, 8 pages ; _c27 cm |
||
| 500 | _aAn Arabic-Persian dictionary, known also under title: Rashīdī-i ʻArabī. | ||
| 500 | _aLithographed. | ||
| 650 | 0 |
_aArabic language _vDictionaries _xPersian. _9250122 |
|
| 650 | 7 |
_aArabic language. _2fast _9250123 |
|
| 942 |
_2ddc _cREF |
||
| 999 |
_c78807 _d78807 |
||